Państwa o najwyższym wskaźniku samobójstw - Statystyki

Ogólne statystyki
  • Ten quiz został rozwiązany 21 razy
  • Średni wynik to 3 z 10
Statystyki odpowiedzi
Miejsce Państwo % Poprawnych
9. Rosja
86%
6. Korea Południowa
62%
7. Litwa
48%
10. RPA
48%
2. Gujana
14%
8. Surinam
14%
3. Eswatini
10%
5. Mikronezja
10%
4. Kiribati
5%
1. Lesotho
5%
Nie znaleziono quizów pasujących do podanych kryteriów
Rozkład punktacji
Procent ludzi z każdym wynikiem
Percentyl według liczby udzielonych odpowiedzi
Twoja historia wyników
Nie rozwiązałeś tego quizu